000 01704nam0a2200349 4500
001 RU\NLR\BIBL_A\022825231
005 20260628201440.0
010 _a978-5-6054074-9-2
_9500
035 _a(NLR Aleph) 022825231
090 _a13742522
_c13742522
100 _a20260602d2026 k y0rusy50 ca
101 0 _arus
102 _aRU
105 _aa z 000yy
181 0 _ai
_baxxe
182 0 _an
200 1 _aИзбранные вопросы открытой хирургии аорто-подвздошных аневризм
_eмонография
_fА. Я. Бедров, А. А. Моисеев, А. В. Байкова
_gпод редакцией академика РАН Г. Г. Хубулава
203 _aТекст
_bвизуальный
_cнепосредственный
210 _aСанкт-Петербург
_cДитон-Арт
_d2026
215 _a135 с.
_cил., цв. ил., табл.
_d24
320 _aБиблиогр.: с. 119-135 (162 назв.)
606 1 _aПодвздошные артерии
_xАневризмы
_xХирургическое лечение
_92714371
_3RU\NLR\AUTH\6601772149
606 1 _aАорта брюшная
_xАневризмы
_xХирургическое лечение
_91000161
_3RU\NLR\AUTH\6661400
686 1 _aР457.365.021.203.6-59
700 1 _aБедров
_bА. Я.
_gАлександр Ярославович
701 1 _aМоисеев
_bА. А.
701 1 _aБайкова
_bА. В.
_gАнна Вадимовна
702 1 _aХубулава
_bГ. Г.
_f1957-
_gГеннадий Григорьевич
_4340
942 _cBOOK
980 _aNB